| 000 | 00353 a2200145 4500 | ||
|---|---|---|---|
| 005 | 20250625070317.0 | ||
| 020 | _a0-13-556564-2 | ||
| 082 | _a658YUK. | ||
| 100 | _aYUKL. G. | ||
| 245 | _aSkills For Managers And Leaders | ||
| 250 | _a2nd Ed, | ||
| 260 |
_aLondon, _bPrintice Hall, _c2009. |
||
| 300 |
_aviii.: 374p.: ill, table _c23cm |
||
| 942 |
_2ddc _cBKS |
||
| 999 |
_c4929 _d4929 |
||